| 000 | 00517nam a2200157Ia 4500 | ||
|---|---|---|---|
| 008 | 230917s9999||||xx |||||||||||||| ||und|| | ||
| 040 |
_e204875 _aMAIN |
||
| 041 | _aEnglish | ||
| 082 | _a891.49150301741 SB64B | ||
| 100 | _aबहादुर सिहं | ||
| 245 | 0 | _aबटेऊ की खाट | |
| 260 |
_aअम्बाला छावनी _bआई बी ए पब्लिकेशन्स _c2012 |
||
| 300 | _a158 पृ. p. | ||
| 500 | _a3817 16/12/2019 Centre for Haryana Studies | ||
| 942 | _cHN | ||
| 999 |
_c33818 _d33818 |
||